Privacy, the debate in the United States since 1945 /

This volume argues that privacy was built into the Constitution as originally written and into the Bill of Rights. [The book examines] governmental interference with privacy [and] the extent to which the government has as obligation to protect citizens from violations of their privacy by other citiz...

முழு விளக்கம்

Saved in:
நூற்பட்டியல் விவரங்கள்
தலைமை எழுத்தாளர்: Strum, Philippa.
மற்ற எழுத்தாளர்கள்: Nash, Gerald D., Etulain, Richard W.
வடிவம்: புத்தகம்
மொழி:English
வெளியீடப்பட்டது: Fort Worth, TX : Harcourt Brace College Publishers, c1998.
தொகுதி:Harbrace books on America since 1945.
பகுதிகள்:
குறியீடுகள்: குறிச்சொல் இணை
குறியீடுகள் இல்லை, இந்த குறிச்சொல்லை முதலில் பதிவு செய்யுங்கள்!
LEADER 01969aam a2200337 a 4500
001 007765351-3
005 20090713015942.0
008 980107s1998 txu b 001 0 eng d
010 |a  97074702  
020 |a 0155018809 
035 0 |a ocm39042307 
040 |a NjPRFB  |c NjPRFB  |d FPeC  |d DLC 
042 |a lccopycat 
043 |a n-us--- 
050 0 0 |a KF1262.Z9  |b S77 1998 
082 0 0 |a 342.73/0858  |2 21 
100 1 |a Strum, Philippa. 
245 1 0 |a Privacy, the debate in the United States since 1945 /  |c Philippa Strum ; under the general editorship of Gerald W. Nash and Richard W. Etulain. 
260 |a Fort Worth, TX :  |b Harcourt Brace College Publishers,  |c c1998. 
300 |a ix, 225 p. ;  |c 21 cm. 
490 1 |a Harbrace books on America since 1945 
504 |a Includes bibliographical references and index. 
505 0 |a Privacy in the age of genetic information -- Insecurity of social security numbers -- Records of one's life -- Bodily privacy and integrity -- Criminal justice system and privacy -- Big Brother really is watching you -- Privacy in the workplace -- Is privacy dead? 
520 |a This volume argues that privacy was built into the Constitution as originally written and into the Bill of Rights. [The book examines] governmental interference with privacy [and] the extent to which the government has as obligation to protect citizens from violations of their privacy by other citizens - as in the maintenance of computer data banks by private companies. [The book also looks at the] leaps in technology that gave us television, computers, and governmental ability to monitor citizens' lives; [and] concerns about national security as the United States entered the Cold War ...-Introd. 
650 0 |a Privacy, Right of  |z United States  |v Popular works. 
655 7 |a Popular works.  |2 fast 
700 1 |a Nash, Gerald D. 
700 1 |a Etulain, Richard W. 
830 0 |a Harbrace books on America since 1945. 
988 |a 20020608 
906 |0 OCLC